Slownik polityki

Gespeichert in:
Bibliographische Detailangaben
Weitere Verfasser: Bankowicz, Marek
Format: Buch
Sprache:Polnisch
Veröffentlicht: Warszawa Wiedza Powszechna 1999
Ausgabe:3. wyd.
Schlagworte:
Tags: Tag hinzufügen
Keine Tags, Fügen Sie das erste Tag hinzu!

MARC

LEADER 00000nam a2200000 4500
001 c120097
005 20221221083612.9
020 |a 83-214-1153-3 
041 0 |a pol 
044 |a PL 
245 1 0 |a Slownik polityki  |c pod redakcja Marka Bankowicza 
250 |a 3. wyd. 
264 1 |a Warszawa  |b Wiedza Powszechna  |c 1999 
300 |a 281 s. 
610 2 0 |a politika 
610 2 0 |a terminológia 
700 1 |a Bankowicz, Marek